| 000 | 02440nam a22006137a 4500 | ||
|---|---|---|---|
| 001 | 481 | ||
| 005 | 20250725151900.0 | ||
| 020 | _a9781481465403 (hc.) | ||
| 020 | _a9780439216487 | ||
| 020 | _a1481465406 (hc.) | ||
| 020 | _a9781481465410 (pbk.) | ||
| 020 | _a1481465414 (pbk.) | ||
| 020 |
_a9781518236921 _q(PawPrints) |
||
| 020 |
_a1518236928 _q(PawPrints) |
||
| 020 |
_a9780606397513 _q(Turtleback bdg.) |
||
| 020 |
_a0606397515 _q(Turtleback bdg.) |
||
| 020 |
_a9780605966642 _q(Perma-Bound ed.) |
||
| 020 |
_a0605966648 _q(Perma-Bound ed.) |
||
| 020 |
_z9781481465427 _q(eBook) |
||
| 040 |
_aYDXCP _beng _cYDXCP _dOCLCQ _dNYP _dIUK _erda _dZQP _dDAD _dILC _dOCLCO _dILC _dDLC _dFISKH |
||
| 050 | 0 | 0 |
_aPZ7.C88135 _bCl 2016 |
| 082 | 0 | 4 |
_a813.56 _223 |
| 100 | 1 |
_aCronin, Doreen, _eauthor. |
|
| 245 | 1 | 0 |
_aClick, clack, moo : _bcows that type / _cby Doreen Cronin ; pictures by Betsy Lewin. |
| 246 | 3 | 0 | _aCows that type |
| 260 |
_aNew York : _bScholastic, _c2000. |
||
| 300 |
_a32 unnumbered pages : _bcolor illustrations ; _c24 cm. |
||
| 490 | 1 | _aReady-to-read. Level 2, Superstar reader! | |
| 500 | _aOriginally published as a picture book in 2000 by Simon & Schuster Books for Young Readers. This edition is published in a leveled easy-ready format. | ||
| 500 | _aArt techniques used: Bold, fun cartoon illustrations in watercolor. | ||
| 505 | _aJ | ||
| 520 | _aWhen Farmer Brown's cows find a typewriter in the barn they start making demands, and go on strike when the farmer refuses to give them what they want. | ||
| 521 |
_a470
_bLexile |
||
| 521 |
_aJ
_bRaz-Plus |
||
| 650 | 0 |
_aCows _vJuvenile fiction. |
|
| 650 | 0 |
_aDomestic animals _vJuvenile fiction. |
|
| 650 | 0 |
_aTypewriters _vJuvenile fiction. |
|
| 650 | 0 |
_aAnimal rights _vJuvenile fiction. |
|
| 650 | 0 |
_aFarmers _vJuvenile fiction. |
|
| 650 | 0 | _aReaders (Primary) | |
| 650 | 1 | _aReaders. | |
| 650 | 1 |
_aCows _vFiction. |
|
| 650 | 1 |
_aDomestic animals _vFiction. |
|
| 650 | 1 |
_aTypewriters _vFiction. |
|
| 650 | 7 |
_aAnimal rights. _2fast _0(OCoLC)fst00809364 |
|
| 650 | 7 |
_aCows. _2fast _0(OCoLC)fst00882039 |
|
| 650 | 7 |
_aDomestic animals. _2fast _0(OCoLC)fst00896543 |
|
| 650 | 7 |
_aTypewriters. _2fast _0(OCoLC)fst01159984 |
|
| 655 | 7 |
_aFiction. _2fast _0(OCoLC)fst01423787 |
|
| 655 | 7 |
_aJuvenile works. _2fast _0(OCoLC)fst01411637 |
|
| 700 | 1 |
_aLewin, Betsy, _eillustrator. |
|
| 906 |
_a7 _bcbc _ccopycat _d2 _encip _f20 _gy-gencatlg |
||
| 942 |
_2ddc _cBK _n0 |
||
| 999 |
_c481 _d481 |
||